000
00307nam a2200109Ia 4500
008
200302s9999 xx 000 0 und d
100
_a
Catherine Desai and Other
245
_a
The Architecture of Hasmukh C. Patel Selected Projects 1963-2003
260
_b
Mapin Publishing
260
_c
2017
300
_a
394 P.,
999
_c
4983
_d
4983